000 01382cam a2200169 4500500
005 20260329004030.0
041 _afre
042 _adc
100 1 0 _aZetterström Geschwind, Britta
_eauthor
700 1 0 _aVan Orden Martínez, Victoria
_eauthor
245 0 0 _aFront matter
260 _c2025.
500 _a97
520 _aIn The Savage mind Claude Lévi-Strauss could speak of “a concrete science” in reference to primitive societies and their knowledge; he emphasized both a practical and a theoretical aspect in their way of thinking. He thus raised an unsolved question about the relations between our modern sciences and the different sorts of knowledge that preceded them. By what process have we come to acquire a new sort of knowledge, which could be called, by contrast to this “concrete science,” an abstract one ? I shall successively evoke the pioneering role of mathematical abstraction, despite its coexistence with esoteric forms of knowledge, the functions of natural philosophies, and the various cultural contexts in which the different sciences appear. I hope these considerations will clear up some misunderstandings concerning their history.
786 0 _nRelations internationales | 201 | 1 | 2025-07-07 | p. 1-3 | 0335-2013
856 4 1 _uhttps://shs.cairn.info/journal-relations-internationales-2025-1-page-1?lang=en&redirect-ssocas=7080
999 _c1829957
_d1829957